000
00300nam a22001217a 4500
020
_a
9781639895663
040
_c
NUST IESE
082
_a
628.168
_b
DUN
245
_a
Water Pollution
_b
Control and Treatment
260
_a
USA
_b
States Academic Press
_c
2021
300
_a
228
942
_2
ddc
_c
BK
_k
628.168
999
_c
594638
_d
594638